Autoritarismo y democracia en la política dominicana
Saved in:
| Hovedforfatter: | |
|---|---|
| Format: | Bog |
| Sprog: | spansk |
| Udgivet: |
San José
Capel
1987
|
| Udgivelse: | 2a. ed |
| Fag: | |
| Tags: |
Tilføj Tag
Ingen Tags, Vær først til at tagge denne postø!
|
MARC
| LEADER | 00000nam a2200000 a 4500 | ||
|---|---|---|---|
| 001 | UCT7193 | ||
| 003 | CL-VaPUC | ||
| 008 | 970116e19870000CR |||||||||||||||||spa|d | ||
| 082 | 0 | 4 | |a 320.972 |b ESP |2 21 |
| 100 | 0 | |a Espinal, Rosario |e author |9 378018 | |
| 245 | 1 | 0 | |a Autoritarismo y democracia en la política dominicana |
| 250 | |a 2a. ed | ||
| 300 | |a 208 p | ||
| 942 | |c BK | ||
| 945 | |d 19970116 00:00:00 |a paguirre | ||
| 260 | |a San José |b Capel |c 1987 | ||
| 650 | 0 | |a Democracia |9 255256 | |
| 650 | 0 | |a Totalitarismo |9 255261 | |
| 650 | 7 | |a POLITICA INTERNA |2 CL-VaPUC |9 342443 | |
| 650 | 7 | |a SISTEMAS POLITICOS |2 CL-VaPUC |9 378019 | |
| 650 | 0 | |a Dictadura |9 341206 | |
| 650 | 0 | |a Sociedad |9 307903 | |
| 650 | 0 | |a Desarrollo político |9 323087 | |
| 651 | 7 | |a REPUBLICA DOMINICANA |2 CL-VaPUC |9 257737 | |
| 583 | |a last modification |c 19970116 00:00:00 |k Rodrigo Vera | ||
| 999 | |c 255850 |d 255848 | ||
| 952 | |0 0 |1 0 |4 0 |6 320_972000000000000_ESP_1987 |7 0 |8 P |9 278299 |a BIBDER |b BIBDER |d 2019-11-19 |i 180734K |o 320.972 ESP 1987 |p 180734K |r 2023-01-25 |w 2019-11-19 |y BK |k DER | ||
| 952 | |0 0 |1 0 |4 0 |6 320_972000000000000_ESP_1987 |7 0 |8 A |9 278300 |a BIBHIS |b BIBHIS |d 2019-11-19 |i 1339397 |l 1 |o 320.972 ESP 1987 |p 1339397 |r 2025-01-20 |s 2024-06-26 |w 2019-11-19 |y BK |k HIS | ||